ბათუმის შოთა რუსთაველის სახელმწიფო უნივერსიტეტის ბიბლიოთეკა

აგროქიმიური გამოკვლევების მეთოდიკა. (ბიბ.ჩანაწერი № 35329)

000 -LEADER
fixed length control field 00924nam a2200241Ia 4500
001 - CONTROL NUMBER
control field 1181
003 - CONTROL NUMBER IDENTIFIER
control field GE_BSU
008 - FIXED-LENGTH DATA ELEMENTS--GENERAL INFORMATION
fixed length control field 181216s||||||||xx |||||||||||||| ||und||
040 ## - CATALOGING SOURCE
Transcribing agency GE_BSU
080 ## - UNIVERSAL DECIMAL CLASSIFICATION NUMBER
Universal Decimal Classification number 631.8(075.8)
100 ## - MAIN ENTRY--PERSONAL NAME
Personal name ნაკაიძე ი.
245 ## - TITLE STATEMENT
Title აგროქიმიური გამოკვლევების მეთოდიკა.
245 ## - TITLE STATEMENT
Remainder of title სახელმძღვანელო სასოფლო სამეურნეო ინსტიტუტის სტუდენტებისათვის.
260 ## - PUBLICATION, DISTRIBUTION, ETC.
Place of publication, distribution, etc. თბილისი.
260 ## - PUBLICATION, DISTRIBUTION, ETC.
Name of publisher, distributor, etc. განათლება.
260 ## - PUBLICATION, DISTRIBUTION, ETC.
Date of publication, distribution, etc. 1979.
300 ## - PHYSICAL DESCRIPTION
Extent 493გვ. 20სმ.
653 ## - INDEX TERM--UNCONTROLLED
Uncontrolled term აგროქიმია.
653 ## - INDEX TERM--UNCONTROLLED
Uncontrolled term აგროქიმიური გამოკვლევების მეთოდიკა.
653 ## - INDEX TERM--UNCONTROLLED
Uncontrolled term ქიმია
942 ## - ADDED ENTRY ELEMENTS (KOHA)
Koha item type წიგნი
ეგზემპლარები
Withdrawn status Lost status Damaged status Not for loan Date acquired Barcode Date last seen Price effective from Koha item type
        2018-12-17 2797 2018-12-17 2018-12-17 წიგნი